VCE Legal Studies - Unit 1, AOS3 Terminology - Statistics

General Stats
  • This quiz has been taken 14 times
  • The average score is 10 of 18
Answer Stats
Definition Term % Correct
A sanction that requires the offender to pay an amount of money to the state. Fine
89%
Facts or circumstances about an offender or an offence that can lead to a more severe sentence. Aggravating Factors
78%
A flexible, non-custodial sanction that the offender serves in the community, with conditions attached to the order. Community Correction Order
78%
Facts or circumstances about the offender or the offence that can lead to a less severe sentence. Mitigating Factors
78%
One purpose of a sanction, designed to reform an offender in order to prevent them from committing offences in the future. Rehabilitation
78%
The release of an accused person from custody on condition that they will attend a court hearing to answer the charges. Bail
67%
One purpose of a sanction, designed to demonstrate the community's disapproval of the offender's actions. Denunciation
67%
One purpose of a sanction, designed to discourage others in the community from committing similar crimes. General Deterrence
67%
One purpose of a sanction, designed to discourage the offender from committing further offences. Specific Deterrence
67%
A sanction that involves removing the offender from society for a stated period of time and placing them in prison. Imprisonment
56%
A division of the Magistrates' Court, Children's Court and County Court that operates as a sentencing court for First Nations people. Koori Court
56%
The supervised and conditional release of a prisoner after the minimum period of imprisonment has been served. Parole
56%
One purpose of a sanction, designed to safeguard the community from an offender by preventing them from committing a further offence. Protection
56%
The situation where an accused is kept in custody until their criminal trial can take place. Remand
44%
An authority or agency given power by parliament to make and/or enforce laws. Delegated Body
33%
The authority given to bodies such as Victoria Police to undertake certain actions. Institutional Powers
22%
The lawful authority (or power) of a court, tribunal, or other dispute resolution body to decide legal cases. Jurisdiction
22%
Instructions given by a judge to a jury either during or at the end of a trial. Jury Directions
11%
No matching quizzes found
Score Distribution
Percent of People with Each Score
Percentile by Number Answered
Your Score History
You have not taken this quiz